| 000 | 00729nam a2200289Ia 4500 | ||
|---|---|---|---|
| 005 | 20260324133241.0 | ||
| 008 | 008 260324s9999 xx 000 0 eng d | ||
| 020 | _a9781410606969 | ||
| 037 | _aEBOOK | ||
| 040 | _aCRL | ||
| 040 | _beng | ||
| 040 | _cCRL | ||
| 041 | _2eng | ||
| 041 | _aeng | ||
| 084 | _qCRL | ||
| 100 |
_aPhillip J. Glenn; Curtis D. LeBaron; Jennifer Mandelbaum _91192370 |
||
| 245 | 0 | _aStudies in Language and Social Interaction | |
| 245 | 0 | _bIn Honor of Robert Hopper | |
| 260 | _bTaylor and Francis | ||
| 260 | _c2003 | ||
| 365 | _a | ||
| 365 | _b255 | ||
| 856 | _uhttp://www.taylorfrancis.com/books/9781410606969 | ||
| 942 | _cEBOOK | ||
| 999 |
_c1791249 _d1791249 |
||